1230 1081 1329 1585 1875 1658 1858 1477 1754 1584 1601 1594 1283 1290 1402 1264 1466 1956 1327 1027 1093 1936 1602 1024 1420 1826 1202 1237 1236 1458 1668 1269 1066 1930 1766 1595 1643 1812 1942 1602 1443 1384 1846 1131 1149 1720 1311 1952 1214 1772 1839 1841 1897 1728 1488 1201 1756 1577 1207 1683 1298 1173 1392 1988 1006 1587 1126 1328 1079 1861 1384 1498 1647 1742 1784 1210 1828 1692 1509 1826 1439 1361 1840 1588 1744 1486 1510 1269 1060 1012 1436 1927 1607 1483 1298 1630 1721 1302 1680 BCNSPRNW ULIB Ver.6.0+V

เปลี่ยนเป็นภาษาไทย

Change to English
 แสดงรายละเอียดบรรณานุกรม
  กลับหน้าหลัก

Brief Record : Get Marc (ISO 2709) : E-mail record : QR code < ปิดหน้าต่าง
LEADER : 00000nam 2200000uu 4500
001    13399120781
003     ULIB
008    121016s2550||||th 000 0 tha d
099    วพ.WD100^bศ173ผ
100 0  ศรีวัฒนา ปานดี
245 00 ผลของโปรแกรมการสร้างพลังอำนาจร่วมกับกระบวนการกลุ่มต่อการปฏิบัติตนในการดูแลน้ำหนักตัวของวัยรุ่นที่มีภาวะโภชนาการเกิน /^c ศรีวัฒนา ปานดี = The effect of the empowerment program with group process on practice of weight management in over nutritional adolescents
246 0  The effect of the empowerment program with group process on practice of weight management in over nutritional adolescents
260    ^c2550
300    ก-ญ, 167 แผ่น :|bภาพประกอบ
502    วิทยานิพนธ์ (พย.ม.)--จุฬาลงกรณ์มหาวิทยาลัย, 2550
650  0 Adolescence|xNutrition
650  0 Body weight
650  2 Nutrition Disorders|xin adolescence
650  7  การดูแลสุขภาพด้วยตนเอง
650  7 วัยรุ่น|xโภชนาการ
650  7 น้ำหนักตัว
945    ^p0^l0^i032840
995    เกษร
999    ^aใช้งานได้ทุกระบบ
รายการนี้ยังไม่มีแท็ก
คุณยังไม่ได้ล็อกอิน คุณสามารถมีกิจกรรมร่วมกับเว็บไซต์ได้ แต่ต้องล็อกอินก่อน ::
  ล็อกอิน

รายการสื่อสารสนเทศ

ลำดับที่ ประเภท เลขเรียก/บาร์โค้ด สถานที่ สถานะ
1. วิทยานิพนธ์
วิทยานิพนธ์
วพ.WD100 ศ173ผ  
  Barcode: 032840
ห้องสมุดวิทยาเขตสวรรค์ประชารักษ์
►วิจัย
บนชั้น

รายการใกล้เคียง
    ผู้แต่ง [ศรีวัฒนา ปานดี]

    หัวเรื่อง [การดูแลสุขภาพด้วยตนเอง]
    หัวเรื่อง [น้ำหนักตัว]

BibComment


ยังไม่เคยถูกคอมเมนท์

คอมเมนท์ทรัพยากรรายการนี้
  คอมเมนท์: ผลของโปรแกรมการสร..


 Copyright 2026. Bcnsprnw @Library